| 000 | 00543 a2200169 4500 | ||
|---|---|---|---|
| 020 | _a9812532323 (paperback) | ||
| 020 | _a9789812532329 (paperback) | ||
| 090 |
_c4121 _d4121 |
||
| 100 | 1 | _aHarris, Richard. | |
| 245 | 1 | 0 |
_aApplied time series modelling and forecasting / _cRichard Harris, Robert Sollis. |
| 250 | _a1ST ed. | ||
| 260 |
_a[S.l.] : _bWiley, _c2003. |
||
| 300 | _a312 p. | ||
| 700 | 1 | _aSollis, Robert. | |
| 856 | 4 | 0 |
_3Amazon.com _uhttp://www.amazon.com/exec/obidos/ASIN/9812532323/chopaconline-20 |
| 942 |
_aNBS _cBK _k519.55 HAR |
||
| 999 |
_c346575 _d346575 |
||